000 00603nam a2200229Ia 4500
005 20260320201833.0
008 008 262003s9999 xx 000 0 eng d
037 _aEBOOK
040 _aCRL
040 _beng
040 _cCRL
041 _2eng
041 _aeng
084 _qCRL
100 _aOkeyode
_91136079
245 0 _aDevSecOps for Azure: End-to-end supply chain security for GitHub, Azure DevOps, and the Azure cloud
260 _bIEEE
856 _uhttps://ieeexplore.ieee.org/servlet/opac?bknumber=10803970
942 _cEBOOK
999 _c1723818
_d1723818